000 00454nab a2200145Ia 4500
003 ES-SlBCS
005 20210601132855.0
008 140529s1967 xxu||||| |||| 00| 0 ita d
041 _aita
100 1 _aSorge, Carmelo
_9199599
245 0 0 _aDottrine speusippee nell'Epinomide pseudo-platonica
_c Carmelo Sorge
650 0 4 _aSpeusipo-Epinómides
_9199697
773 0 _tGiornali di Metafisica
_gvol. 22, nº. 1, 1967, págs. 30-57
_w0017-0372
942 _cAR
999 _c586998
_d586998